Państwa Stolice - Statystyki

Ogólne statystyki
  • Ten quiz został rozwiązany 88 razy
  • Średni wynik to 52 z 142
Statystyki odpowiedzi
Państwo Miasto % Poprawnych
Polska Warszawa
83%
Hiszpania Madryt
82%
Francja Paryż
78%
Finlandia Helsinki
73%
Belgia Bruksela
72%
Czechy Praga
72%
Japonia Tokio
72%
Niemcy Berlin
70%
Wielka Brytania Londyn
70%
Białoruś Mińsk
70%
Rosja Moskwa
70%
Norwegia Oslo
70%
Holandia Amsterdam
68%
Grecja Ateny
68%
Irlandia Dublin
68%
Włochy Rzym
68%
Portugalia Lizbona
67%
Luksemburg Luksemburg
67%
Chiny Pekin
67%
Stany Zjednoczone Waszyngton
67%
Austria Wiedeń
67%
Węgry Budapeszt
65%
Andora Andora
65%
Watykan Watykan
65%
Litwa Wilno
65%
Ukraina Kijów
63%
San Marino San Marino
63%
Chorwacja Zagrzeb
63%
Łotwa Ryga
62%
Bułgaria Sofia
62%
Szwecja Sztokholm
62%
Rumunia Bukareszt
60%
Dania Kopenhaga
60%
Meksyk Meksyk
60%
Brazylia Brasilia
58%
Słowacja Bratysława
58%
Albania Tirana
58%
Argentyna Buenos Aires
55%
Korea Południowa Seul
53%
Algieria Algier
52%
Egipt Kair
52%
Monako Monako
52%
Kanada Ottawa
52%
Islandia Reykjavik
52%
Bośnia i Hercegowina Sarajewo
52%
Turcja Ankara
48%
Izrael Jerozolima
48%
Azerbejdżan Baku
47%
Australia Canberra
47%
Iran Teheran
47%
Szwajcaria Berno
45%
Kuba Hawana
45%
Cypr Nikozja
45%
Kosowo Prisztina
43%
Serbia Belgrad
42%
Czarnogóra Podgorica
42%
Singapur Singapur
42%
Macedonia Skopje
42%
Afganistan Kabul
40%
Arabia Saudyjska Rijad
40%
Peru Lima
40%
Korea Północna Pjongjang
40%
Gruzja Tbilis
40%
Malta Valetta
40%
Tajlandia Bangkok
38%
Armenia Erywań
38%
Mołdawia Kiszyniów
38%
Maroko Rabat
38%
Chile Santiago
38%
Tunezja Tunis
38%
Jamajka Kingston
37%
Liechtenstein Vaduz
37%
Indonezja Dżakarta
35%
Kuwejt Kuwejt
35%
Słowenia Lublana
35%
Kenia Nairobi
35%
Estonia Talinn
35%
Mongolia Ułan Bator
35%
Filipiny Manila
33%
Indie New Delhi
33%
Panama Panama
33%
Ekwador Quito
33%
Kolumbia Bogota
32%
Boliwia La Paz
32%
Nowa Zelandia Wellington
32%
Zjednoczone Emiraty Arabskie Abu Zabi
30%
Syria Damaszek
30%
Wietnam Hanoi
30%
Urugwaj Montevideo
30%
Irak Bagdad
28%
Katar Doha
27%
Bangladesz Dhaka
25%
Liban Bejrut
23%
Nigeria Abudża
22%
Jordania Amman
22%
Wenezuela Caracas
20%
Pakistan Islamabad
20%
Republika Południowej Afryki Pretoria
20%
Jemen Sana
20%
Dominikana Santo Domingo
20%
Libia Trypolis
20%
Etiopia Addis Abeba
17%
Paragwaj Asuncion
17%
Kostaryka San Jose
17%
Sudan Chartum
15%
Timor Wschodni Dili
15%
Oman Maskat
15%
Bahamy Nassau
15%
Zambia Lusaka
13%
Mozambik Maputo
13%
Fidżi Suva
13%
Madagaskar Antanarywa
12%
Tanzania Dodoma
12%
Zimbabwe Harare
12%
Demokratyczna Republika Konga Kinszasa
12%
Kambodża Phnom Penh
12%
Haiti Port-au-prince
12%
Uzbekistan Taszkent
12%
Republika Środkowoafrykańska Bangi
10%
Kirgistan Biszkek
10%
Sudan Południowy Dżuba
10%
Dominika Roseau
10%
Tadżykistan Duszanbe
8%
Uganda Kampala
8%
Sri Lanka Kolombo
8%
Somalia Mogadiszu
8%
Kongo Brazzaville
7%
Barbados Bridgetown
7%
Gabon Libreville
7%
Czad Ndżamena
7%
Niger Niamey
7%
Grenada Saint George's
7%
Turkmenistan Aszchabad
5%
Namibia Windhuk
5%
Erytrea Asmara
3%
Papua-Nowa Gwinea Port Moresby
3%
Nepal Katamandu
2%
Birma Naypyidaw
2%
Kazachstan Nur-Słutan
2%
Botswana Gaborne
0%
Lesotho Maseur
0%
Nauru Yaren
0%
Nie znaleziono quizów pasujących do podanych kryteriów
Rozkład punktacji
Procent ludzi z każdym wynikiem
Percentyl według liczby udzielonych odpowiedzi
Twoja historia wyników
Nie rozwiązałeś tego quizu